000 00375nam a2200133Ia 4500
008 211109s9999||||xx |||||||||||||| ||und||
082 _a894.8121
_bULL-K
100 _aUloor, S Parameswaran
245 0 _aKAVYACHANDRIKA
260 _bD C Books
_aKottayam
_c1996
630 _xGeneral Stack
650 _amalayalam literature
_vmalayalam poemspoempoetry
_xGeneralia
942 _cBOOK
999 _c7070
_d7070